Management information systems for the information age /

Wedi'i Gadw mewn:
Manylion Llyfryddiaeth
Prif Awdur: Haag, Stephen
Awduron Eraill: Cummings, Maeve, Dawkins, James
Fformat: Sách giấy
Iaith:English
Cyhoeddwyd: Boston : Irwin , 2000
Tagiau: Ychwanegu Tag
Dim Tagiau, Byddwch y cyntaf i dagio'r cofnod hwn!
Thư viện lưu trữ: Thư viện Trường Đại học Đà Lạt
LEADER 00663nam a2200265 4500
001 DLU020017945
005 ##5/7/2001
020 # # |a 978- 
041 # # |a eng 
082 # # |a 658.403 8  |b HA-S 
100 # # |a Haag, Stephen 
245 # # |a Management information systems for the information age /  |c Stephen Haag, Maeve Cummings, James Dawkins 
260 # # |a Boston :  |b Irwin ,  |c 2000 
300 # # |a 554 tr., XX;   |c 27 cm. 
700 # # |a Cummings, Maeve 
700 # # |a Dawkins, James 
992 # # |a 321805 
994 # # |a DLU 
900 # # |a False 
911 # # |a Administrator 
925 # # |a G 
926 # # |a A 
927 # # |a SH 
980 # # |a Thư viện Trường Đại học Đà Lạt